书目信息 |
| 题名: |
风华·第十八届新概念作文获奖者范文
|
|
| 作者: | 涂山乔 编 | |
| 分册: | 散文卷 | |
| 出版信息: | 北京 北京联合出版公司 2016.08 |
|
| 页数: | 286页 | |
| 开本: | 24cm | |
| 丛书名: | ||
| 单 册: | ||
| 中图分类: | I217.61 , I267 | |
| 科图分类: | ||
| 主题词: | 中国文学--zhong guo wen xue--当代文学--作品集 , 散文集--san wen ji--中国--当代 | |
| 电子资源: | ||
| ISBN: | 978-7-5502-8427-2 | |
| 000 | 01208nam 2200289 450 | |
| 001 | CAL 0120162002665 | |
| 005 | 20171211152044.01 | |
| 010 | @a978-7-5502-8427-2@b@dCNY32.80 | |
| 100 | @a20160908d2016 em y0chiy50 ea | |
| 101 | 0 | @achi |
| 102 | @aCN@b110000 | |
| 105 | @ay z 000cy | |
| 106 | @ar | |
| 200 | 1 | @a风华·第十八届新概念作文获奖者范文@Afeng hua · di shi ba jie xin gai nian zuo wen huo jiang zhe fan wen@g@i散文卷@f涂山乔编 |
| 210 | @a北京@c北京联合出版公司@d2016.08 | |
| 215 | @a286页@c@d24cm | |
| 314 | @a涂山乔, 第十三、十四届新概念作 文大赛获奖者, “花火”第一届超级明星文学新人选拔赛全国28强之一, 曾任《拉萨晚报》记者, 《风华·新概念作文获奖者范文》系列图书主编。 | |
| 330 | @a本书分为少年们的路、梦想的起点、寻找诗人、孤独旅者、远方来信等6个单元。主要包括: 荒谬的神话、一梦五日, 如过三秋、伦敦游记、一路上有你、旧养杂记、梦想的起点、万友引力等。 | |
| 517 | 1 | @a散文卷@Asan wen juan |
| 606 | 0 | @a中国文学@Azhong guo wen xue@x当代文学@x作品集 |
| 606 | 0 | @a散文集@Asan wen ji@y中国@z当代 |
| 690 | @aI217.61@v5 | |
| 690 | @aI267@v5 | |
| 701 | 0 | @a涂山乔@Atu shan qiao@4编 |
| 801 | 0 | @aCN@b人天书店@c20160908@g |
| 905 | @aBZT@dI217.61@e69-1 | |
| 906 | @dCNY32.80@n3@r1 | |
| 风华·第十八届新概念作文获奖者范文.散文卷/涂山乔编.-北京:北京联合出版公司,2016.08 |
| 286页;24cm |
| ISBN 978-7-5502-8427-2:CNY32.80 |
| 本书分为少年们的路、梦想的起点、寻找诗人、孤独旅者、远方来信等6个单元。主要包括: 荒谬的神话、一梦五日, 如过三秋、伦敦游记、一路上有你、旧养杂记、梦想的起点、万友引力等。 |
| ● |
| 相关链接 |
|
|
|
正题名:风华·第十八届新概念作文获奖者范文
索取号:I217.61/69-1
 
预约/预借
| 序号 | 登录号 | 条形码 | 馆藏地/架位号 | 状态 | 备注 |
| 1 | 836380 | 2000836380 | 第一书库/ [索取号:I217.61/69-1] | 在馆 | |
| 2 | 836381 | 2000836381 | 第一书库/ [索取号:I217.61/69-1] | 在馆 | |
| 3 | 836382 | 2000836382 | 第一书库/ [索取号:I217.61/69-1] | 在馆 |